| 000 | 00348nam a22001457a 4500 | ||
|---|---|---|---|
| 008 | 221011b ||||| |||| 00| 0 eng d | ||
| 020 | _a9780323077538851766339 | ||
| 041 | _aeng | ||
| 080 |
_2NINTH EDITION _a610.73 |
||
| 082 | _a610.73 OG | ||
| 100 | _a9 | ||
| 101 | _aINF | ||
| 245 |
_aCALCULATION OF DRUG DOSAGES _cOGDEN SH |
||
| 942 |
_2udc _cBK |
||
| 999 |
_c58496 _d58496 |
||